Кинетика и термодинамика химических реакций в низкотемпературной плазме: Сборник статей

Bibliographic Details
Other Authors: Полак Л. С. Лев Соломонович (редактор)
Language:Russian
Published: Москва, Наука, 1965
Subjects:
Format: Book
KOHA link:https://koha.lib.tpu.ru/cgi-bin/koha/opac-detail.pl?biblionumber=36282

MARC

LEADER 00000nam0a2200000 4500
001 36282
005 20231031001616.0
035 |a (RuTPU)RU\TPU\book\36752 
035 |a BOOK00003404 
090 |a 36282 
100 |a 20011210d1965 k y0rusy50 ca 
101 0 |a rus 
102 |a RU 
105 |a a z 001zy 
200 1 |a Кинетика и термодинамика химических реакций в низкотемпературной плазме  |e Сборник статей  |f Под ред. Л. С. Полак 
210 |a Москва  |c Наука  |d 1965 
215 |a 254 с.  |c ил. 
320 |a Библиогр. в конце статей 
610 1 |a термодинамика 
610 1 |a кинетика 
610 1 |a плазма 
610 1 |a химические реакции 
610 1 |a плазмотроны 
610 1 |a применение 
610 1 |a сборники 
675 |a 544.55  |v 3 
675 |a 537  |v 3 
675 |a 536  |v 3 
702 1 |a Полак  |b Л. С.  |g Лев Соломонович  |4 340 
801 0 |a RU  |b 63413507  |c 20011210  |g PSBO 
801 2 |a RU  |b 63413507  |c 20140428  |g PSBO 
900 |a Термодинамика физических процессов 
900 |a Плазмохимия 
942 |c BK